000 00518nam a2200133 4500
999 _c9314
_d9314
008 180430b ||||| |||| 00| 0 eng d
082 _aDPer 050 Dec 2015-Mar 2016 T48 v186-187
100 _927701
_aMcDonald-Gibson, Charlotte.
245 _aThe E.U's deal to send back asylum seekers to Turkey is illegal-and immoral/
_cCharlotte McDonald-Gibson.
260 _aNew York:
_bTime Inc.,
_c©Dec 2015-Mar 2016.
300 _av187 n11, page 22:
_billustration;
_c27 cm.
650 0 _927702
_aRefugees.
942 _2ddc
_cPER